000 00559nam a22001937a 4500
003 OSt
005 20140310182436.0
008 130220t xxu||||| |||| 00| 0 eng d
020 _a9780853699125
050 _aRS 201
_b.M359 2010
100 _aMarriott, John F.
_97524
245 _aPharmaceutical compounding and dispensing /
_cChristopher A. Langley, Dawn Belcher.
250 _a2nd ed.
260 _aLondon:
_bPharmaceutical Press,
_cc2012.
300 _aviii, 216 p. :
_c24 cm.
_bill. col. ;
562 _e1
942 _2lcc
_cSSLC
999 _c13444
_d13444